[Event "Martinique-ch 34th"]
[Site "Le Lamentin"]
[Date "2018.05.05"]
[Round "9"]
[White "Guillaume, Marvin"]
[Black "Evers, Shaman"]
[Result "1-0"]
[WhiteElo "1849"]
[BlackElo "1612"]
[PlyCount "101"]
[EventDate "2018.05.05"]
[EventType "tourn"]
[EventRounds "11"]
[EventCountry "MFR"]
[SourceTitle "CBM 184 Extra"]
[Source "ChessBase"]
[SourceDate "2018.06.28"]
[SourceVersion "1"]
[SourceVersionDate "2018.06.28"]
[SourceQuality "1"]

1. d4 d5 2. b4 Nf6 3. Nd2 Bf5 4. e3 e6 5. a3 Nbd7 6. Ngf3 h6 7. c4 dxc4 8. Bxc4 Be7 9. Qe2 0-0 10. e4 Bh7 11. Bb2 a5 12. b5 Re8 13. Ne5 Nxe5 14. dxe5 Nd7 15. 0-0 Bc5 16. Rad1 Qe7 17. Kh1 Bxa3 18. Ba1 Rac8 19. f4 c6 20. bxc6 Rxc6 21. Bb5 Rec8 22. Bxc6 Rxc6 23. Nc4 Bb4 24. f5 exf5 25. exf5 Nc5 26. f6 Qc7 27. Nd6 Ne6 28. fxg7 Bxd6 29. exd6 Rxd6 30. Be5 Rxd1 31. Bxc7 Rxf1+ 32. Qxf1 Nxc7 33. Qc4 Ne6 34. Qc8+ Kxg7 35. Qc3+ Kg8 36. Qxa5 Be4 37. Kg1 Bc6 38. h3 Kg7 39. Kh2 Kg6 40. g4 Kg7 41. Qe5+ Kh7 42. Qf6 Ng5 43. h4 Ne4 44. Qxf7+ Kh8 45. Qg6 h5 46. gxh5 Nc5 47. h6 Ne6 48. Qxe6 Kh7 49. h5 Kh8 50. Qf6+ Kg8 51. Qg7# 1-0

[Event "Martinique-ch"]
[Site "Le Lamentin"]
[Date "2017.05.21"]
[Round "8"]
[White "Evers, Shaman"]
[Black "Chancerel, Dominique"]
[Result "0-1"]
[WhiteElo "1560"]
[BlackElo "1815"]
[PlyCount "46"]
[EventDate "2017.05.21"]
[EventType "tourn"]
[EventRounds "11"]
[EventCountry "MFR"]
[SourceTitle "EXT 2019"]
[Source "ChessBase"]
[SourceDate "2018.10.10"]
[SourceVersion "1"]
[SourceVersionDate "2018.10.10"]
[SourceQuality "1"]

1. e4 d6 2. d4 Nf6 3. Nc3 g6 4. Bf4 Bg7 5. Bc4 c6 6. Qd2 b5 7. Bb3 a6 8. Bh6 Bxh6 9. Qxh6 e6 10. e5 dxe5 11. dxe5 b4 12. Nce2 Nd5 13. Qg7 Rf8 14. Qxh7 Qg5 15. Qg7 Qxg2 16. Ng3 Nd7 17. Rd1 Nc5 18. Rd4 a5 19. h4 Ba6 20. h5 gxh5 21. Rdh4 0-0-0 22. R4h2 Nf4 23. Rxg2 Nxg2# 0-1

[Event "Martinique-ch"]
[Site "Le Lamentin"]
[Date "2017.05.21"]
[Round "7"]
[White "Evers, Shaman"]
[Black "Marbot, Raymond"]
[Result "1-0"]
[WhiteElo "1560"]
[BlackElo "1726"]
[PlyCount "101"]
[EventDate "2017.05.21"]
[EventType "tourn"]
[EventRounds "11"]
[EventCountry "MFR"]
[SourceTitle "EXT 2019"]
[Source "ChessBase"]
[SourceDate "2018.10.10"]
[SourceVersion "1"]
[SourceVersionDate "2018.10.10"]
[SourceQuality "1"]

1. e4 e6 2. d4 d5 3. exd5 exd5 4. Nf3 Nf6 5. Nc3 c6 6. Bf4 Bb4 7. a3 Bxc3+ 8. bxc3 0-0 9. Be2 h6 10. 0-0 Bf5 11. c4 dxc4 12. Bxc4 Nbd7 13. c3 Re8 14. Qb3 Nd5 15. Bxd5 cxd5 16. Qxb7 Nb6 17. Ne5 Re7 18. Qa6 Qe8 19. h3 f6 20. Nf3 Qd7 21. Rfe1 Rae8 22. Rxe7 Rxe7 23. Re1 Rxe1+ 24. Nxe1 g5 25. Bb8 Qa4 26. Qxa4 Nxa4 27. Bxa7 Nxc3 28. g4 Bb1 29. Ng2 Kf7 30. Ne3 Ke6 31. Kf1 Be4 32. Bc5 Bg6 33. f3 h5 34. Ke1 Na4 35. Kd2 hxg4 36. hxg4 Nxc5 37. dxc5 d4 38. Nf5 Bxf5 39. gxf5+ Kxf5 40. a4 Ke6 41. a5 Kd7 42. Kd3 Kc6 43. a6 Kc7 44. Kxd4 Kb8 45. c6 f5 46. Ke5 g4 47. fxg4 fxg4 48. Kf4 g3 49. Kxg3 Ka8 50. c7 Ka7 51. c8Q 1-0

[Event "Martinique-ch"]
[Site "Le Lamentin"]
[Date "2017.05.21"]
[Round "1"]
[White "Evers, Shaman"]
[Black "Suez Panama, Gilles"]
[Result "0-1"]
[WhiteElo "1560"]
[BlackElo "2041"]
[PlyCount "58"]
[EventDate "2017.05.21"]
[EventType "tourn"]
[EventRounds "11"]
[EventCountry "MFR"]
[SourceTitle "EXT 2019"]
[Source "ChessBase"]
[SourceDate "2018.10.10"]
[SourceVersion "1"]
[SourceVersionDate "2018.10.10"]
[SourceQuality "1"]

1. c4 e5 2. Nc3 Nc6 3. e4 Bc5 4. Nf3 Nf6 5. Be2 d6 6. 0-0 Bg4 7. d3 h6 8. a3 a5 9. Ne1 Bd7 10. Nc2 a4 11. Be3 Nd4 12. Bxd4 exd4 13. Nd5 0-0 14. Nxf6+ Qxf6 15. Bg4 Be8 16. f4 b5 17. Kh1 bxc4 18. dxc4 Rb8 19. Rb1 Bc6 20. e5 dxe5 21. fxe5 Qxe5 22. Rf5 Qe4 23. Ne1 Bd6 24. Rf2 Qe5 25. Kg1 Qxh2+ 26. Kf1 Rfe8 27. Nf3 Qh1+ 28. Ng1 Bh2 29. Qxd4 Qxg1# 0-1

[Event "Martinique-ch"]
[Site "Le Lamentin"]
[Date "2017.05.21"]
[Round "11"]
[White "Grange, Julien2"]
[Black "Evers, Shaman"]
[Result "1-0"]
[WhiteElo "1892"]
[BlackElo "1560"]
[PlyCount "147"]
[EventDate "2017.05.21"]
[EventType "tourn"]
[EventRounds "11"]
[EventCountry "MFR"]
[SourceTitle "EXT 2019"]
[Source "ChessBase"]
[SourceDate "2018.10.10"]
[SourceVersion "1"]
[SourceVersionDate "2018.10.10"]
[SourceQuality "1"]

1. d4 d5 2. c4 dxc4 3. e3 c5 4. Bxc4 cxd4 5. Nf3 Nc6 6. Qb3 e6 7. 0-0 Na5 8. Bb5+ Nc6 9. Nxd4 Nge7 10. Qa4 Bd7 11. Rd1 Qc7 12. Nc3 a6 13. Ne4 Rd8 14. Qc2 Nd5 15. Bxc6 Bxc6 16. a3 Bd6 17. Nxc6 bxc6 18. Nxd6+ Rxd6 19. e4 Ne7 20. Be3 Rxd1+ 21. Rxd1 0-0 22. Bc5 Re8 23. Qc4 a5 24. g3 h6 25. Kg2 Qb7 26. Qd4 Ng6 27. h4 e5 28. Qd7 Rb8 29. b4 axb4 30. axb4 Qxd7 31. Rxd7 Rc8 32. Kf3 Nf8 33. Re7 Ne6 34. Kg4 Nxc5 35. bxc5 f6 36. Kf5 Kf8 37. Ke6 h5 38. Rd7 g5 39. Rh7 Kg8 40. Rxh5 Kg7 41. hxg5 Kg6 42. gxf6 Kxh5 43. Kxe5 Kg5 44. f7 Rf8 45. Ke6 Kg6 46. f4 Rxf7 47. f5+ Kg7 48. e5 Ra7 49. g4 Ra5 50. Kd6 Ra4 51. g5 Rf4 52. f6+ Kg6 53. Ke7 Kxg5 54. f7 Kg6 55. e6 Kg7 56. Ke8 Rf6 57. Ke7 Rf5 58. Kd7 Rf6 59. e7 Rxf7 60. Kd8 Rf8+ 61. exf8Q+ Kxf8 62. Kd7 Kf7 63. Kxc6 Ke8 64. Kb7 Kd7 65. c6+ Kd8 66. c7+ Kd7 67. c8Q+ Kd6 68. Qf5 Ke7 69. Qg6 Kd7 70. Qf6 Ke8 71. Qg7 Kd8 72. Kc6 Ke8 73. Kd6 Kd8 74. Qg8# 1-0

[Event "Martinique-ch"]
[Site "Le Lamentin"]
[Date "2017.05.21"]
[Round "2"]
[White "Verneuil, Pascal"]
[Black "Evers, Shaman"]
[Result "1-0"]
[WhiteElo "2197"]
[BlackElo "1560"]
[PlyCount "125"]
[EventDate "2017.05.21"]
[EventType "tourn"]
[EventRounds "11"]
[EventCountry "MFR"]
[SourceTitle "EXT 2019"]
[Source "ChessBase"]
[SourceDate "2018.10.10"]
[SourceVersion "1"]
[SourceVersionDate "2018.10.10"]
[SourceQuality "1"]

1. e4 e5 2. Nf3 Nc6 3. Bc4 Bc5 4. c3 Nf6 5. d3 h6 6. Nbd2 a6 7. Bb3 0-0 8. 0-0 d5 9. Qe2 Re8 10. h3 Be6 11. Rd1 b5 12. Nf1 Qc8 13. Ng3 dxe4 14. dxe4 Bxh3 15. gxh3 Qxh3 16. Be3 Bxe3 17. Qxe3 Na5 18. Qe2 Nxb3 19. axb3 Re6 20. Nh2 h5 21. Qf1 Qh4 22. Qg2 Ne8 23. Nf5 Qf4 24. Rd3 h4 25. Qg4 g5 26. Qxf4 exf4 27. f3 Ng7 28. Nxg7 Kxg7 29. Rd7 Rd6 30. Rxd6 cxd6 31. Rd1 Rd8 32. Rd5 f6 33. Kg2 Kf7 34. Ng4 Ke6 35. Kh3 Rd7 36. Nh6 Rc7 37. Nf5 Rd7 38. b4 Rd8 39. b3 Rd7 40. c4 bxc4 41. bxc4 Rb7 42. Rxd6+ Kf7 43. c5 Rxb4 44. Rd7+ Ke8 45. c6 Rb3 46. Kg4 h3 47. Nd6+ Kf8 48. c7 Rc3 49. c8Q+ Rxc8 50. Nxc8 h2 51. Rh7 a5 52. Rxh2 Ke8 53. Nb6 Kd8 54. Rh7 Ke8 55. Ra7 Kd8 56. Kf5 Ke8 57. Nd5 a4 58. Nxf6+ Kd8 59. Kxg5 a3 60. e5 a2 61. e6 a1Q 62. e7+ Kc8 63. e8R# 1-0

[Event "Martinique-ch"]
[Site "Madiana"]
[Date "2016.05.15"]
[Round "11"]
[White "Tin, Romain"]
[Black "Evers, Shaman"]
[Result "0-1"]
[WhiteElo "1571"]
[BlackElo "1541"]
[PlyCount "166"]
[EventDate "2016.05.05"]
[EventType "tourn"]
[EventRounds "11"]
[EventCountry "MFR"]
[SourceTitle "EXT 2019"]
[Source "ChessBase"]
[SourceDate "2018.10.10"]
[SourceVersion "1"]
[SourceVersionDate "2018.10.10"]
[SourceQuality "1"]

1. e4 e5 2. Bc4 Bc5 3. Nf3 Nc6 4. 0-0 Nf6 5. d3 h6 6. Qe2 d6 7. Be3 Bb6 8. h3 Qe7 9. Re1 Bd7 10. a3 0-0-0 11. b4 g5 12. Bxb6 cxb6 13. Nfd2 Rdg8 14. Nb3 h5 15. Nc3 h4 16. Nd5 Qd8 17. b5 Nb8 18. Nxf6 Qxf6 19. f3 Qf4 20. Qe3 Bxh3 21. Qxf4 gxf4 22. Re2 Rh7 23. Kh2 Bd7 24. Rh1 Rgh8 25. Kg1 f5 26. Nd2 Kd8 27. a4 Rh6 28. Kf2 Ke7 29. Bd5 fxe4 30. dxe4 a6 31. c4 Bc8 32. Ree1 Nd7 33. Rb1 Nc5 34. Ra1 a5 35. Ke2 Rg6 36. Rh2 Rh7 37. Nb1 Kf6 38. Nc3 Kg5 39. Rah1 Rgh6 40. Bg8 Rh8 41. Bd5 Kf6 42. Kf1 h3 43. gxh3 Rxh3 44. Rxh3 Rxh3 45. Rxh3 Bxh3+ 46. Ke2 Be6 47. Kf2 Kf7 48. Kg2 Bxd5 49. cxd5 Kg6 50. Kh3 Kh5 51. Kg2 Kh4 52. Kh2 Nb3 53. Kg2 Nd4 54. Kf2 Kh3 55. Nd1 Nc2 56. Nb2 Ne3 57. Ke2 Kg2 58. Nd3 Nc4 59. Ne1+ Kg1 60. Nd3 Kg2 61. Ne1+ Kh1 62. Nd3 Kg1 63. Ke1 Kg2 64. Ke2 Kg3 65. Nf2 Nb2 66. Ng4 Nxa4 67. Nf6 Nc3+ 68. Kd3 Nxb5 69. Ne8 Kxf3 70. Kc4 a4 71. Kxb5 a3 72. Nxd6 a2 73. Nxb7 a1Q 74. d6 Kxe4 75. d7 Qd1 76. Kxb6 f3 77. Kc6 f2 78. Nd6+ Qxd6+ 79. Kxd6 f1Q 80. Ke7 Qd3 81. d8Q Qxd8+ 82. Kxd8 Kd3 83. Ke7 e4 0-1

[Event "Martinique-ch"]
[Site "Madiana"]
[Date "2016.05.12"]
[Round "8"]
[White "Evers, Shaman"]
[Black "Rapon, Karl Loic"]
[Result "0-1"]
[WhiteElo "1541"]
[BlackElo "2043"]
[PlyCount "86"]
[EventDate "2016.05.05"]
[EventType "tourn"]
[EventRounds "11"]
[EventCountry "MFR"]
[SourceTitle "EXT 2019"]
[Source "ChessBase"]
[SourceDate "2018.10.10"]
[SourceVersion "1"]
[SourceVersionDate "2018.10.10"]
[SourceQuality "1"]

1. e4 c5 2. Nf3 d6 3. d4 cxd4 4. Nxd4 Nf6 5. Nc3 a6 6. Bc4 e6 7. Bg5 b5 8. Be2 Bb7 9. Bf3 Nbd7 10. Qd2 Qc7 11. a3 Be7 12. 0-0 Ne5 13. Rfe1 Nc4 14. Qc1 Rc8 15. Nb1 h6 16. Bh4 0-0 17. c3 Ne5 18. Nd2 Nd3 19. Qc2 Nxe1 20. Rxe1 Rfe8 21. Re3 Nd7 22. Bxe7 Rxe7 23. Bd1 Qb6 24. Rg3 Ne5 25. Kh1 Rec7 26. Qb3 d5 27. f4 Nd7 28. e5 Nc5 29. Qc2 Ne4 30. Nxe4 Qxd4 31. Nf6+ Kf8 32. Rxg7 Qxf4 33. Rg8+ Ke7 34. h3 Qxe5 35. Rxc8 Rxc8 36. Ng4 Qe1+ 37. Kh2 h5 38. Nf2 d4 39. Bxh5 Qe5+ 40. Kg1 Qxh5 41. Qb3 dxc3 42. bxc3 Qe2 43. Ng4 Qxg2# 0-1

[Event "Martinique-ch"]
[Site "Madiana"]
[Date "2016.05.09"]
[Round "5"]
[White "Medeuf, Yonhel"]
[Black "Evers, Shaman"]
[Result "1-0"]
[WhiteElo "2038"]
[BlackElo "1541"]
[PlyCount "35"]
[EventDate "2016.05.05"]
[EventType "tourn"]
[EventRounds "11"]
[EventCountry "MFR"]
[SourceTitle "EXT 2019"]
[Source "ChessBase"]
[SourceDate "2018.10.10"]
[SourceVersion "1"]
[SourceVersionDate "2018.10.10"]
[SourceQuality "1"]

1. e4 e5 2. Nf3 Nc6 3. Bc4 Nf6 4. d3 h6 5. c3 a6 6. 0-0 Bc5 7. d4 exd4 8. cxd4 Ba7 9. e5 Nh7 10. d5 Ne7 11. d6 cxd6 12. exd6 Nf5 13. Re1+ Kf8 14. g4 Nh4 15. Re7 Nxf3+ 16. Qxf3 Ng5 17. Bxg5 hxg5 18. Qxf7# 1-0

[Event "Martinique-ch"]
[Site "Madiana"]
[Date "2016.05.07"]
[Round "3"]
[White "Chancerel, Dominique"]
[Black "Evers, Shaman"]
[Result "1-0"]
[WhiteElo "1853"]
[BlackElo "1541"]
[PlyCount "47"]
[EventDate "2016.05.05"]
[EventType "tourn"]
[EventRounds "11"]
[EventCountry "MFR"]
[SourceTitle "EXT 2019"]
[Source "ChessBase"]
[SourceDate "2018.10.10"]
[SourceVersion "1"]
[SourceVersionDate "2018.10.10"]
[SourceQuality "1"]

1. e4 e5 2. Nf3 Nc6 3. Bc4 Nf6 4. d3 h6 5. h3 Bc5 6. c3 a6 7. 0-0 0-0 8. Re1 Re8 9. Nbd2 b5 10. Bb3 Bb7 11. Nf1 Ba7 12. Ng3 d5 13. exd5 Nxd5 14. d4 Na5 15. Nxe5 Nxb3 16. axb3 c5 17. Qh5 Qc7 18. Bxh6 gxh6 19. Nf5 Re6 20. Qg4+ Rg6 21. Nxg6 fxg6 22. Qxg6+ Kf8 23. Qxh6+ Kf7 24. Qg7# 1-0

[Event "Martinique-ch"]
[Site "Madiana"]
[Date "2016.05.06"]
[Round "2"]
[White "Evers, Shaman"]
[Black "Midonet, Matthieu"]
[Result "0-1"]
[WhiteElo "1541"]
[BlackElo "2204"]
[PlyCount "70"]
[EventDate "2016.05.05"]
[EventType "tourn"]
[EventRounds "11"]
[EventCountry "MFR"]
[SourceTitle "EXT 2019"]
[Source "ChessBase"]
[SourceDate "2018.10.10"]
[SourceVersion "1"]
[SourceVersionDate "2018.10.10"]
[SourceQuality "1"]

1. e4 c5 2. Nf3 Nc6 3. d4 cxd4 4. Nxd4 e5 5. Nf3 h6 6. c4 Nf6 7. Bd3 Bb4+ 8. Bd2 Bxd2+ 9. Qxd2 0-0 10. 0-0 d6 11. h3 Be6 12. Nc3 Qb6 13. b3 Nh5 14. Be2 Nf4 15. Qxd6 Rad8 16. Qa3 Nd4 17. Qb2 Bxh3 18. Nxd4 Qxd4 19. Bf3 Be6 20. Rad1 Qc5 21. Nd5 Ng6 22. Bh5 Bxd5 23. Rxd5 Rxd5 24. exd5 Re8 25. Bxg6 fxg6 26. Re1 e4 27. Re3 b5 28. Qe2 Qd4 29. Kh2 bxc4 30. bxc4 Kh7 31. Qc2 Re5 32. g3 Rh5+ 33. Kg2 Qa1 34. g4 Qh1+ 35. Kg3 Qh2# 0-1

[Event "Martinique-ch op-A 31th"]
[Site "Madiana"]
[Date "2015.05.10"]
[Round "3"]
[White "Arsenec, Charles Andre"]
[Black "Evers, Shaman"]
[Result "1/2-1/2"]
[WhiteElo "1313"]
[BlackElo "1576"]
[PlyCount "105"]
[EventDate "2015.05.10"]
[EventType "swiss"]
[EventRounds "7"]
[EventCountry "FRA"]
[SourceTitle "EXT 2016"]
[Source "ChessBase"]
[SourceDate "2015.10.08"]
[SourceVersion "1"]
[SourceVersionDate "2015.10.08"]
[SourceQuality "1"]

1. e4 e5 2. Nf3 Nc6 3. Bc4 Bc5 4. c3 Nf6 5. d3 0-0 6. Bg5 Be7 7. 0-0 d6 8. Qc2 Na5 9. Bb3 Nxb3 10. axb3 Re8 11. d4 exd4 12. cxd4 Nxe4 13. Bxe7 Rxe7 14. Nc3 d5 15. Rfe1 Bf5 16. Nh4 Nxc3 17. Nxf5 Rxe1+ 18. Rxe1 Nb5 19. Ne7+ Kh8 20. Qd3 Qd7 21. Qe3 Qe6 22. Qd2 Qf6 23. Qe3 Qxd4 24. Qe2 Nd6 25. Rd1 Qe4 26. Qxe4 dxe4 27. Nd5 Nb5 28. Nc3 Nxc3 29. bxc3 f5 30. Rd7 Rc8 31. h3 g6 32. c4 a5 33. Kf1 b6 34. Ke2 c5 35. Ra7 Rd8 36. Rb7 Rd6 37. h4 Kg8 38. Ke1 Kf8 39. Rxh7 Rd3 40. h5 Rxb3 41. hxg6 a4 42. Ra7 Rb4 43. g7+ Kg8 44. Ra6 Kxg7 45. Kd2 Rxc4 46. Rxb6 Kf7 47. Ra6 Ke7 48. Ke3 Rc3+ 49. Kf4 a3 50. Kxf5 e3 51. fxe3 Rxe3 52. g4 c4 53. g5 1/2-1/2

[Event "Martinique-ch op-A 31th"]
[Site "Madiana"]
[Date "2015.05.10"]
[Round "2"]
[White "Evers, Shaman"]
[Black "Gratien, Joel"]
[Result "0-1"]
[WhiteElo "1576"]
[BlackElo "1456"]
[PlyCount "62"]
[EventDate "2015.05.10"]
[EventType "swiss"]
[EventRounds "7"]
[EventCountry "FRA"]
[SourceTitle "EXT 2016"]
[Source "ChessBase"]
[SourceDate "2015.10.08"]
[SourceVersion "1"]
[SourceVersionDate "2015.10.08"]
[SourceQuality "1"]

1. e4 e6 2. d4 d5 3. exd5 exd5 4. Nf3 Be7 5. Be2 Nf6 6. 0-0 0-0 7. Re1 Re8 8. Nc3 Bf5 9. Bf4 c6 10. Nh4 Be6 11. Be5 Nbd7 12. Nf3 h6 13. a3 a5 14. Na2 Qb6 15. Qb1 Bf5 16. Rd1 Ng4 17. Bd3 Bxd3 18. Rxd3 Ndxe5 19. Nxe5 Nxe5 20. dxe5 Bc5 21. Qe1 Qxb2 22. Rb3 Qxe5 23. Qxe5 Rxe5 24. Rxb7 Rae8 25. Kf1 Re2 26. f3 Rf2+ 27. Kg1 Rxc2+ 28. Kh1 Rxa2 29. Rab1 Ree2 30. Rc7 Rxg2 31. Rxc6 Rxh2# 0-1